000 00441nam a2200181Ia 4500
999 _c899
_d899
003 0100
008 130227s9999 xx 000 0 und d
040 _cARRUPELIB
050 _aDT962.7.P4
100 _aPeck, A.J.A.
_921995
245 _aRhodesia condemns /
260 _aSalsibury (Harare)
_bThree Sisters Books
_c1967
300 _a230p.
300 _b 23 cm
650 _bZimbabwe
_xPolitics
_y1965-1979
_926452
942 _2lcc
_cSPC